000 00413nam a2200169Ia 4500
003 GCL
008 140319s9999 xx 000 0 eng d
040 _aGCL /
_cGCL
082 0 4 _a330
_bE I
100 1 _aELLSWORTH,P.T
245 1 0 _aTHE INTERNATIONAL ECONOMY /
_cELLSWORTH,P.T
260 _a[S.N] :
_bMACMILIAN ،
_c1964
300 _a549 P
650 0 4 _aECONOMIC
650 0 4 _aECONOMETRICS
942 _2ddc
_cBK
999 _c19180
_d19180